ბათუმის შოთა რუსთაველის სახელმწიფო უნივერსიტეტის ბიბლიოთეკა

Great by Choice (ბიბ.ჩანაწერი № 51473)

000 -LEADER
fixed length control field 00617nam a2200229Ia 4500
001 - CONTROL NUMBER
control field 18459
003 - CONTROL NUMBER IDENTIFIER
control field GE_BSU
008 - FIXED-LENGTH DATA ELEMENTS--GENERAL INFORMATION
fixed length control field 181216s||||||||xx |||||||||||||| ||und||
020 ## - INTERNATIONAL STANDARD BOOK NUMBER
International Standard Book Number 978006212099
040 ## - CATALOGING SOURCE
Transcribing agency GE_BSU
080 ## - UNIVERSAL DECIMAL CLASSIFICATION NUMBER
Universal Decimal Classification number 331.7
100 ## - MAIN ENTRY--PERSONAL NAME
Personal name Collins,Jim. Hansen,M.T.
245 ## - TITLE STATEMENT
Title Great by Choice
245 ## - TITLE STATEMENT
Remainder of title Uncertainty, Chaos, and Luck why some thrive despite them all
260 ## - PUBLICATION, DISTRIBUTION, ETC.
Place of publication, distribution, etc. New York
260 ## - PUBLICATION, DISTRIBUTION, ETC.
Name of publisher, distributor, etc. Harper
260 ## - PUBLICATION, DISTRIBUTION, ETC.
Date of publication, distribution, etc. 2011
300 ## - PHYSICAL DESCRIPTION
Extent 304 p. 24 cm.
653 ## - INDEX TERM--UNCONTROLLED
Uncontrolled term Career Development and Counseling
653 ## - INDEX TERM--UNCONTROLLED
Uncontrolled term Uncertainty, Chaos, and Luck why some thrive despite them all
942 ## - ADDED ENTRY ELEMENTS (KOHA)
Koha item type წიგნი
ეგზემპლარები
Withdrawn status Lost status Damaged status Not for loan Date acquired Barcode Date last seen Price effective from Koha item type
        2018-12-17 47292 2018-12-17 2018-12-17 წიგნი